| 000 | 00398nam a22001337a 4500 | ||
|---|---|---|---|
| 008 | 250507b |||||||| |||| 00| 0 eng d | ||
| 020 | _a050027945 | ||
| 050 |
_aNA 5870 _b.M35 |
||
| 100 | _aRowland J. Mainstone | ||
| 245 | _aHagia Sophia: Architecture, Structure And Liturgy 0f Justinians Great Church | ||
| 260 |
_aNew York _bThames Aned Hudson Incooperative _c1988 |
||
| 300 | _a288p. | ||
| 942 | _cBK | ||
| 999 |
_c3346 _d3346 |
||